[Event "Fortaleza Monte Cup"]
[Site "Fortaleza"]
[Date "2017.04.23"]
[Round "6"]
[White "De Araujo, Jose Claudio"]
[Black "De Lima, Nilo Fernandes"]
[Result "1/2-1/2"]
[WhiteElo "1900"]
[BlackElo "1804"]
[PlyCount "80"]
[EventDate "2017.04.21"]
[EventType "swiss"]
[EventRounds "6"]
[EventCountry "BRA"]
[SourceTitle "CBM 178 Extra"]
[Source "ChessBase"]
[SourceDate "2017.06.22"]
[SourceVersion "1"]
[SourceVersionDate "2017.06.22"]
[SourceQuality "1"]

1. d4 Nf6 2. c4 e6 3. Nf3 d5 4. Qb3 b6 5. cxd5 exd5 6. Nc3 Bb7 7. Bg5 Be7 8. e3 0-0 9. Rc1 c6 10. Be2 Ne4 11. Bxe7 Qxe7 12. 0-0 Nd7 13. Bd3 Ndf6 14. Qc2 Rac8 15. Ne5 Nxc3 16. bxc3 c5 17. Bf5 Rc7 18. Qa4 g6 19. Bd3 c4 20. Bb1 Ba8 21. Qd1 Nd7 22. Nxd7 Rxd7 23. Qe2 Re8 24. g4 Rd6 25. Qf3 Qf6 26. Qg3 Rde6 27. Bc2 Bc6 28. Bd1 Bd7 29. g5 Qg7 30. Bf3 Bc6 31. Rce1 Ba8 32. Qg2 Rd8 33. e4 dxe4 34. Bxe4 Rde8 35. f3 f5 36. gxf6 Qxf6 37. Qg3 Qe7 38. Qf4 Bxe4 39. fxe4 Rxe4 40. Rxe4 Qxe4 1/2-1/2

[Event "Fortaleza Monte Cup"]
[Site "Fortaleza"]
[Date "2017.04.23"]
[Round "5"]
[White "Pereira, Diego Oliveira"]
[Black "De Araujo, Jose Claudio"]
[Result "0-1"]
[WhiteElo "1786"]
[BlackElo "1900"]
[PlyCount "92"]
[EventDate "2017.04.21"]
[EventType "swiss"]
[EventRounds "6"]
[EventCountry "BRA"]
[SourceTitle "CBM 178 Extra"]
[Source "ChessBase"]
[SourceDate "2017.06.22"]
[SourceVersion "1"]
[SourceVersionDate "2017.06.22"]
[SourceQuality "1"]

1. d4 d5 2. c4 e6 3. Nc3 Nf6 4. Nf3 Be7 5. Bf4 c6 6. e3 Nbd7 7. c5 b6 8. b4 bxc5 9. bxc5 Qa5 10. Qd2 Ba6 11. Be2 Bxe2 12. Nxe2 Qxd2+ 13. Nxd2 Nh5 14. Bc7 Rc8 15. Ba5 Bd8 16. Bxd8 Kxd8 17. Rb1 Kc7 18. Kd1 Rb8 19. Kc2 e5 20. Rxb8 Rxb8 21. Rb1 Rxb1 22. Nxb1 g6 23. g4 Nhf6 24. h3 Ne4 25. f4 exd4 26. exd4 Nf8 27. Nbc3 Nf2 28. Ng1 f5 29. g5 Ne6 30. Nce2 Kb7 31. Kd2 Ka6 32. Ke3 Nd1+ 33. Kd2 Nb2 34. Nf3 Nc4+ 35. Kd3 Ka5 36. Ne5 Nxe5+ 37. dxe5 Nxc5+ 38. Kc3 Kb6 39. Nd4 Ne4+ 40. Kb3 c5 41. Ne6 c4+ 42. Kc2 Kb5 43. Nf8 d4 44. Nxh7 d3+ 45. Kc1 c3 46. Nf6 Nf2 0-1

[Event "Fortaleza Monte Cup"]
[Site "Fortaleza"]
[Date "2017.04.21"]
[Round "2"]
[White "Pereira Lustosa, Jose Maciel"]
[Black "De Araujo, Jose Claudio"]
[Result "1-0"]
[WhiteElo "1763"]
[BlackElo "1900"]
[PlyCount "55"]
[EventDate "2017.04.21"]
[EventType "swiss"]
[EventRounds "6"]
[EventCountry "BRA"]
[SourceTitle "CBM 178 Extra"]
[Source "ChessBase"]
[SourceDate "2017.06.22"]
[SourceVersion "1"]
[SourceVersionDate "2017.06.22"]
[SourceQuality "1"]

1. f4 d5 2. e3 c5 3. Nf3 Nc6 4. c3 Nf6 5. d4 e6 6. Bd3 Bd6 7. 0-0 0-0 8. Nbd2 cxd4 9. exd4 Qc7 10. Ne5 a6 11. a4 Ne7 12. Qf3 Rb8 13. g4 g6 14. Qh3 Nc6 15. g5 Nh5 16. Be2 Ng7 17. Ng4 Be7 18. Nf6+ Bxf6 19. gxf6 Ne8 20. Qh4 Qd8 21. Nf3 Nxf6 22. f5 Ne4 23. Ng5 Nxg5 24. Bxg5 f6 25. fxg6 Qd7 26. Bxf6 Ra8 27. gxh7+ Qxh7 28. Qg5+ 1-0

[Event "Fortaleza Schoonenborch U1900 4th"]
[Site "Fortaleza"]
[Date "2017.02.11"]
[Round "3.7"]
[White "Brandao, Joao Marcus Da Cost"]
[Black "De Araujo, Jose Claudio"]
[Result "0-1"]
[WhiteElo "1534"]
[BlackElo "1766"]
[PlyCount "62"]
[EventDate "2017.02.09"]
[EventType "swiss"]
[EventRounds "6"]
[EventCountry "BRA"]
[SourceTitle "EXT 2022"]
[Source "ChessBase"]
[SourceDate "2021.10.06"]
[SourceVersion "1"]
[SourceVersionDate "2021.10.06"]
[SourceQuality "1"]

1. e4 e6 2. d4 d5 3. Nc3 Nf6 4. e5 Nfd7 5. f4 c5 6. Nf3 Nc6 7. Be3 cxd4 8. Nxd4 Nxd4 9. Bxd4 Qa5 10. Qd2 a6 11. 0-0-0 b5 12. Kb1 b4 13. Ne2 Nc5 14. Bxc5 Bxc5 15. f5 Qc7 16. Qf4 exf5 17. e6 Bd6 18. exf7+ Kxf7 19. Qf3 Be7 20. Nf4 Qe5 21. Bc4 dxc4 22. Qxa8 Rd8 23. Ne6 Rxd1+ 24. Rxd1 Qe2 25. Nd8+ Bxd8 26. Qd5+ Be6 27. Qxd8 c3 28. bxc3 bxc3 29. Qc7+ Kg6 30. Qg3+ Kf7 31. Qf3 Qb5+ 0-1

[Event "Ceara-ch"]
[Site "Fortaleza"]
[Date "2016.11.30"]
[Round "9"]
[White "Brandao, Marcius Gomes"]
[Black "De Araujo, Jose Claudio"]
[Result "1-0"]
[WhiteElo "2093"]
[BlackElo "1750"]
[PlyCount "83"]
[EventDate "2016.11.20"]
[EventType "tourn"]
[EventRounds "9"]
[EventCountry "BRA"]
[SourceTitle "EXT 2018"]
[Source "ChessBase"]
[SourceDate "2017.10.13"]
[SourceVersion "1"]
[SourceVersionDate "2017.10.13"]
[SourceQuality "1"]

1. d4 d5 2. Nf3 Nf6 3. e3 e6 4. Bd3 Bd6 5. Nbd2 0-0 6. 0-0 b6 7. e4 dxe4 8. Nxe4 Nbd7 9. Nxd6 cxd6 10. Bg5 Bb7 11. Re1 Qc7 12. c3 h6 13. Bh4 Rfc8 14. Nd2 a5 15. Qe2 a4 16. a3 Ra5 17. Nc4 Ra7 18. Bg3 Ne8 19. Nd2 Ndf6 20. h3 Qc6 21. f3 Rca8 22. Ne4 Ba6 23. c4 Nxe4 24. fxe4 Rc8 25. Rac1 Rac7 26. Rc3 Qd7 27. Rec1 Qd8 28. Qe3 Rb7 29. Qe2 Qd7 30. Kh2 Rcb8 31. Qf3 Rd8 32. c5 Ra7 33. cxb6 Raa8 34. e5 Bxd3 35. Qxd3 Rdb8 36. Rc6 dxe5 37. Bxe5 Rb7 38. Qc4 f6 39. Rxe6 Kh7 40. Bg3 Rd8 41. d5 g6 42. d6 1-0

[Event "Ceara-ch"]
[Site "Fortaleza"]
[Date "2016.11.29"]
[Round "8"]
[White "De Araujo, Jose Claudio"]
[Black "Brandao, Joao Marcus Da Cost"]
[Result "1-0"]
[WhiteElo "1750"]
[BlackElo "1462"]
[PlyCount "69"]
[EventDate "2016.11.20"]
[EventType "tourn"]
[EventRounds "9"]
[EventCountry "BRA"]
[SourceTitle "EXT 2018"]
[Source "ChessBase"]
[SourceDate "2017.10.13"]
[SourceVersion "1"]
[SourceVersionDate "2017.10.13"]
[SourceQuality "1"]

1. d4 Nf6 2. c4 g6 3. Nc3 Bg7 4. e4 d6 5. Be2 0-0 6. Bg5 c5 7. d5 e6 8. Nf3 exd5 9. exd5 Qb6 10. Qd2 Bf5 11. 0-0 Ne4 12. Nxe4 Bxe4 13. Qf4 Bf5 14. g4 Qxb2 15. gxf5 Qxe2 16. f6 Bh8 17. Rfe1 Qd3 18. Re3 Qf5 19. Qxd6 Nd7 20. Rae1 b6 21. Bh6 Rfd8 22. Ng5 Bxf6 23. Rf3 Ne5 24. Rxf5 Rxd6 25. Rfxe5 Bxe5 26. Rxe5 f6 27. Ne4 fxe5 28. Nxd6 Rd8 29. Ne4 Kf7 30. Bg5 Rd7 31. Bf6 b5 32. Nxc5 Kxf6 33. Nxd7+ Ke7 34. Nxe5 Kd6 35. Nf7+ 1-0

[Event "Ceara-ch"]
[Site "Fortaleza"]
[Date "2016.11.25"]
[Round "5"]
[White "De Araujo, Jose Claudio"]
[Black "Palacio, Igor Da Paz"]
[Result "0-1"]
[WhiteElo "1750"]
[BlackElo "2122"]
[PlyCount "80"]
[EventDate "2016.11.20"]
[EventType "tourn"]
[EventRounds "9"]
[EventCountry "BRA"]
[SourceTitle "EXT 2018"]
[Source "ChessBase"]
[SourceDate "2017.10.13"]
[SourceVersion "1"]
[SourceVersionDate "2017.10.13"]
[SourceQuality "1"]

1. d4 Nf6 2. c4 d6 3. Nc3 Nbd7 4. e4 e5 5. d5 Nc5 6. f3 a5 7. Bd3 Be7 8. Nge2 0-0 9. Be3 Nfd7 10. g4 Bg5 11. Qd2 h6 12. Ng3 Nb6 13. Be2 Bd7 14. Bxg5 hxg5 15. Nd1 Kh7 16. Ne3 g6 17. h4 gxh4 18. Ng2 g5 19. Ne3 Rh8 20. Ngf5 Kg8 21. Kf2 Nc8 22. Kg2 Ne7 23. Nxe7+ Qxe7 24. Nd1 Qf6 25. Nf2 Qf4 26. Qxf4 exf4 27. Nh3 f6 28. Nf2 Kf7 29. Bd3 Rhb8 30. Rhb1 b5 31. cxb5 Bxb5 32. Bxb5 Rxb5 33. Rd1 Rxb2 34. Kg1 Rab8 35. Rac1 Rxa2 36. e5 Rbb2 37. e6+ Ke7 38. Ne4 Rg2+ 39. Kh1 Rh2+ 40. Kg1 Rag2+ 0-1

[Event "Fortaleza Cearense Cup"]
[Site "Fortaleza"]
[Date "2016.04.21"]
[Round "2"]
[White "De Araujo, Jose Claudio"]
[Black "Palacio, Igor Da Paz"]
[Result "0-1"]
[WhiteElo "1743"]
[BlackElo "2111"]
[PlyCount "86"]
[EventDate "2016.04.21"]
[EventType "swiss"]
[EventRounds "5"]
[EventCountry "BRA"]
[SourceTitle "CBM 172 Extra"]
[Source "ChessBase"]
[SourceDate "2016.06.21"]
[SourceVersion "1"]
[SourceVersionDate "2016.06.21"]
[SourceQuality "1"]

1. d4 Nf6 2. c4 d6 3. Nc3 g6 4. e4 Bg7 5. Bg5 h6 6. Bh4 g5 7. Bg3 Nc6 8. Be2 Nd7 9. d5 Nd4 10. Bh5 c5 11. dxc6 bxc6 12. Nf3 Ne6 13. e5 dxe5 14. 0-0 Nf4 15. Bxf4 exf4 16. Ne4 0-0 17. g4 Nf6 18. Nxf6+ Bxf6 19. Qc2 Qb6 20. Rab1 Be6 21. Rfe1 c5 22. Re2 Rad8 23. Rbe1 Rd6 24. b3 Bc8 25. Nd2 Bb7 26. Ne4 Bxe4 27. Qxe4 Kg7 28. Qc2 e6 29. Kg2 Qc6+ 30. Qe4 Qxe4+ 31. Rxe4 a5 32. R4e2 Rb8 33. Rc2 Rd3 34. f3 Bd4 35. Rf1 Be3 36. Re1 Rb7 37. Ree2 Kf6 38. Re1 Rd6 39. Ree2 Rd1 40. h4 Rbd7 41. hxg5+ hxg5 42. Rb2 Rg1+ 43. Kh2 Rdd1 0-1

[Event "Fortaleza Cearense Cup"]
[Site "Fortaleza"]
[Date "2015.12.13"]
[Round "5"]
[White "De Araujo, Jose Claudio"]
[Black "De Lima, Nilo Fernandes"]
[Result "1-0"]
[WhiteElo "1771"]
[BlackElo "1788"]
[PlyCount "51"]
[EventDate "2015.12.10"]
[EventType "swiss"]
[EventRounds "6"]
[EventCountry "BRA"]
[SourceTitle "EXT 2017"]
[Source "ChessBase"]
[SourceDate "2016.10.25"]
[SourceVersion "1"]
[SourceVersionDate "2016.10.25"]
[SourceQuality "1"]

1. d4 Nf6 2. c4 e6 3. Nc3 d5 4. Bg5 Nbd7 5. e3 c6 6. Nf3 Qa5 7. Nd2 Bb4 8. Qb3 Bxc3 9. Qxc3 Qc7 10. Be2 0-0 11. 0-0 Ne4 12. Nxe4 dxe4 13. Bf4 Qd8 14. f3 exf3 15. Rxf3 f5 16. Raf1 Nf6 17. Bd3 Ne4 18. Bxe4 fxe4 19. R3f2 Bd7 20. Qb4 Qb6 21. Qa3 Qa6 22. Qd6 Rf7 23. Bg5 Rxf2 24. Rxf2 h6 25. Qxd7 Rf8 26. Qxe6+ 1-0

[Event "Fortaleza Cearense Cup"]
[Site "Fortaleza"]
[Date "2015.12.13"]
[Round "6"]
[White "Leite Filho, Newton Crispino"]
[Black "De Araujo, Jose Claudio"]
[Result "1-0"]
[WhiteElo "1844"]
[BlackElo "1771"]
[PlyCount "107"]
[EventDate "2015.12.10"]
[EventType "swiss"]
[EventRounds "6"]
[EventCountry "BRA"]
[SourceTitle "EXT 2017"]
[Source "ChessBase"]
[SourceDate "2016.10.25"]
[SourceVersion "1"]
[SourceVersionDate "2016.10.25"]
[SourceQuality "1"]

1. d4 d5 2. c4 e6 3. Nc3 Nf6 4. Nf3 Be7 5. Bg5 0-0 6. e3 h6 7. Bh4 Ne4 8. Bxe7 Qxe7 9. cxd5 Nxc3 10. bxc3 exd5 11. Bd3 c6 12. c4 dxc4 13. Bxc4 Bg4 14. Qb3 Bxf3 15. gxf3 b6 16. 0-0-0 Nd7 17. f4 Nf6 18. f3 a5 19. e4 b5 20. Be2 Rfd8 21. Rhe1 a4 22. Qb2 a3 23. Qc3 Nh5 24. Qe3 Qb4 25. Rd2 Nf6 26. f5 Ra4 27. Red1 Qd6 28. e5 Nd5 29. Qb3 Qd7 30. Qd3 Nf4 31. Qe4 Nxe2+ 32. Rxe2 Rxd4 33. Rxd4 Qxd4 34. Qxd4 Rxd4 35. Rc2 Rd5 36. Rxc6 Rxe5 37. f6 g6 38. Kd2 Re6 39. Rxe6 fxe6 40. Kc3 Kf7 41. Kb4 Kxf6 42. Kxb5 e5 43. Kb4 e4 44. fxe4 g5 45. Kxa3 h5 46. Kb4 g4 47. a4 h4 48. a5 g3 49. a6 gxh2 50. a7 h1Q 51. a8Q Qe1+ 52. Kc5 Qc3+ 53. Kb5 h3 54. Qh8+ 1-0

[Event "Fortaleza zt CE"]
[Site "Fortaleza"]
[Date "2015.05.24"]
[Round "4"]
[White "De Araujo, Jose Claudio"]
[Black "Aquino, Francisco Jose Alve"]
[Result "0-1"]
[WhiteElo "1842"]
[BlackElo "1752"]
[PlyCount "86"]
[EventDate "2015.05.22"]
[EventType "swiss"]
[EventRounds "5"]
[EventCountry "BRA"]
[SourceTitle "CBM 166 Extra"]
[Source "ChessBase"]
[SourceDate "2015.06.18"]
[SourceVersion "1"]
[SourceVersionDate "2015.06.18"]
[SourceQuality "1"]

1. d4 d5 2. c4 c6 3. Nc3 Nf6 4. e3 Bg4 5. Qb3 b6 6. cxd5 Nxd5 7. Bd2 e6 8. Rc1 Be7 9. Bd3 0-0 10. Nge2 Bxe2 11. Nxe2 Bg5 12. Bb1 Ne7 13. h4 Bh6 14. Qd3 g6 15. g4 Bg7 16. f4 Nd7 17. Bb4 Rc8 18. Qa3 c5 19. dxc5 Nxc5 20. Rd1 Qc7 21. 0-0 Nd5 22. Be1 Bxb2 23. Qxb2 Nxe3 24. Bg3 Nxd1 25. Rxd1 Rfd8 26. Rf1 Nd3 27. Qf6 Qc5+ 28. Kh2 Qe3 29. Ng1 Nc5 30. Nf3 Ne4 31. Bxe4 Qxe4 32. Ng5 Rd2+ 33. Rf2 Rxf2+ 34. Bxf2 Qb7 35. h5 h6 36. Nh3 gxh5 37. gxh5 Kh7 38. Ng5+ hxg5 39. h6 Rg8 40. fxg5 Qc7+ 41. Kh3 Rg6 42. Qf3 Rxg5 43. Qd3+ Rg6 0-1